000 01043 a2200265 4500
008 080820t xxu||||| |||| 00| 0 eng d
010 _aENG-84917
020 _a.
_c450.00
035 _aEN-68450
037 _bD.B.Act / Pub
082 _a784.1885
245 _aGaudiya dance
_ba collection of seminar papers
_cedited by Pallab Sengupta, Manabendu Banerjee, Mahua Mukherjee.
260 _aKolkata
_bThe Asiatic Society,
_c2005.
270 _a1, Park Street,
_bKolkata
_cW.B.
_e700016
300 _a120 p. :
_bill. ;
_c22 cm.
490 _aSeminar and public lecture series.
500 _aIncludes bibliographical references
650 _aDance
_zIndia
700 _aSenagupta, Pallaba,
700 _aBanerjee, Manabendu.
700 _aMukhopadhyaya, Mahua,
710 _aAsiatic Society (Calcutta, India)
942 _adpl
_cEN
_k784.1885 / GAU
_2ddc
_h784.1885
_m GAU
999 _c743
_d743